Energías renovables y medio ambiente

সংরক্ষণ করুন:
গ্রন্থ-পঞ্জীর বিবরন
প্রধান লেখক: Domínguez Garrido, Urbano (Author)
বিন্যাস: গ্রন্থ
ভাষা:স্প্যানিশ
প্রকাশিত: Valladolid Universidad de Valladolid 1994
মালা:Ciencias, 10
বিষয়গুলি:
ট্যাগগুলো: ট্যাগ যুক্ত করুন
কোনো ট্যাগ নেই, প্রথমজন হিসাবে ট্যাগ করুন!

MARC

LEADER 00000nam a2200000 a 4500
001 UCM0800
003 CL-VaPUC
008 020315e19940000SP |||||||||||||||||spa|d
082 0 4 |a 333.794  |b DOM  |2 21 
100 0 |a Domínguez Garrido, Urbano  |e author  |9 467786 
245 1 0 |a Energías renovables y medio ambiente 
300 |a 437 p 
942 |c BK 
945 |d 20020315 00:00:00  |a vberengu 
260 |a Valladolid  |b Universidad de Valladolid  |c 1994 
500 |a ALGUNOS EJEMPLARES EN INST.DE GEOGRAFIA POR PROY.MINEDUC 
650 0 |a Energía   |9 259431 
650 7 |a RECURSOS ENERGETICOS RENOVABLES  |2 CL-VaPUC  |9 262787 
650 0 |a Recursos energéticos  |9 263206 
650 0 |a Medio ambiente  |9 257625 
650 7 |a CONSUMO DE ENERGIA  |2 CL-VaPUC  |9 271590 
650 0 |a Energía eólica  |9 316611 
650 7 |a ENERGIA HIDRAULICA  |2 CL-VaPUC  |9 358259 
650 7 |a CENTRALES HIDROELECTRICAS  |2 CL-VaPUC  |9 263331 
651 0 |a España  |9 254926 
583 |a last modification  |c 20020315 00:00:00  |k Rodrigo Vera 
490 0 |a Ciencias, 10 
999 |c 299620  |d 299618 
952 |0 0  |1 0  |4 0  |6 333_794000000000000_DOM_1994  |7 0  |8 A  |9 356354  |a BIBING  |b BIBING  |d 2019-11-21  |i 3796922  |o 333.794 DOM 1994  |p 3796922  |r 2025-01-20  |w 2019-11-21  |y BK  |k GEO